Disney princesas (Registo nº 2626)
[ vista simples ]
| 000 -Etiqueta do registo | |
|---|---|
| Cabeçalho | 01397nam a22004091 4500 |
| 005 - Identificador da versão | |
| Campo de controlo | 20240813121939.0 |
| 010 ## - Número internacional normalizado dos livros (ISBN) | |
| Número (ISBN) | 1412737028 |
| 100 ## - Dados gerais de processamento | |
| Dados gerais de processamento | 20070612d200- bc y0pory5003 ba |
| 102 ## - Pais de publicação ou produção | |
| País de publicação | Portugal |
| 101 1# - Língua de publicação | |
| Língua do texto, banda sonora, etc. | Português |
| Língua do documento no original | Inglês |
| 106 ## - Campo de dados codificados: material textual | |
| Dados codificados do material textual | r |
| 105 ## - Campo de dados codificados: livros | |
| Dados codificados dos livros | a z 000fy |
| 215 ## - Descrição física | |
| Indicação específica da natureza do documento e extensão da espécie | 12 v. |
| Outras indicações físicas | muito il. |
| Dimensões | 22 cm |
| 200 1# - Titulo e menção de responsabilidade | |
| Título próprio | Disney princesas |
| Primeira menção de responsabilidade | concep. Disney |
| 210 ## - Publicação, Distribuição, etc. | |
| Lugar da edição, distribuição, etc. | [S.l.] |
| Nome do editor, distribuidor, etc. | Bloco de Livros |
| Data da publicação, distribuição, etc. | [200-] |
| 300 ## - Notas gerais | |
| Texto da nota | Caixa com 12 livrinhos cartonados |
| 327 0# - Nota de conteúdo | |
| Texto da nota | [1º v.]: Ariel. - [10] p. |
| -- | [2º v.]: Bela. - [10] p. |
| -- | [3º v.]: Cinderela. - [10] p. |
| -- | [4º v.]: Jasmine. - [10] p. |
| -- | [5º v.]: Mulan. - [10] p. |
| -- | [6º v.]: Pocahontas. - [10] p. |
| -- | [7º v.]: Bela Adormecida. - [10] p. |
| -- | [8º v.]: Branca de Neve. - [10] p. |
| -- | [9º v.]: Acreditar. - [10] p. |
| -- | [10º v.]: Castelo encantado. - [10] p. |
| -- | [11º v.]: No mar. - [10] p. |
| -- | [12º v.]: Bons amigos. - [10] p. |
| 512 1# - Título da capa | |
| Título da capa | Ariel |
| Título da capa | Bela |
| Título da capa | Cinderela |
| Título da capa | Jasmine |
| Título da capa | Mulan |
| Título da capa | Pocahontas |
| Título da capa | Bela Adormecida |
| Título da capa | Branca de Neve |
| Título da capa | Acreditar |
| Título da capa | Castelo encantado |
| Título da capa | No mar |
| Título da capa | Bons amigos |
| 606 ## - Nome comum usado como assunto | |
| Número de registo de entrada de autoridade | 0000001 |
| Palavra de ordem | Literatura estrangeira infantil |
| Subdivisão de assunto | Conto |
| 675 ## - Classificação Decimal Universal (CDU) | |
| Notação | 82-34 |
| Edição | 2ª |
| Língua da edição | por |
| 710 02 - Nome de colectividade-autor (responsabilidade principal) | |
| Número de registo de entrada de autoridade | 0001430 |
| Palavra de ordem | Disney |
| 942 ## - Elementos de entrada adicionados (Koha) | |
| Tipo de item no Koha | Livro |
| Situação do levantamento | Origin of item (home branch) (coded) | Biblioteca de empréstimo | Código de barras | Cota | Circulation type (not for loan) | Tipo de documento | Nota do exemplar | Damaged status |
|---|---|---|---|---|---|---|---|---|
| Biblioteca Escolar da Coca Maravilhas | Biblioteca Escolar da Coca Maravilhas | BECM7892/07 | 8EST DIS | Livro | Sem mensagem |
